| 000 | 00491nam a2200193Ia 4500 | ||
|---|---|---|---|
| 003 | OSt | ||
| 005 | 20221005130152.0 | ||
| 006 | a|||||r|||| 00| 0 | ||
| 007 | ta | ||
| 008 | 221004b |||||||| |||| 00| 0 eng d | ||
| 024 | _a113042 | ||
| 037 | _cTextual | ||
| 040 |
_aCRL _cCRL _beng |
||
| 041 |
_2eng _aeng |
||
| 100 |
_aOjha Madhu Sudan _9593100 |
||
| 245 | 0 | _aRajasthan Puratan Granthmala Maharishi Kulvebhavam | |
| 942 |
_cTEXL _2cc |
||
| 999 |
_c1056305 _d1056305 |
||